Lógica y sociedad: contradicciones y mundos posibles

Պահպանված է:
Մատենագիտական մանրամասներ
Հիմնական հեղինակ: Elster, Jon (Հեղինակ)
Ձևաչափ: Գիրք
Լեզու:իսպաներեն
Հրապարակվել է: Barcelona Gedisa 1994
Հրատարակություն:1a. ed
Շարք:Filosofía
Խորագրեր:
Ցուցիչներ: Ավելացրեք ցուցիչ
Չկան պիտակներ, Եղեք առաջինը, ով նշում է այս գրառումը!

MARC

LEADER 00000cam a2200000 a 4500
001 UCL9388
003 CL-VaPUC
008 040806e19940000SP |||||||||||||||||spa|d
020 |a 8474324653 
082 0 4 |a 301  |b ELS  |2 21 
100 0 |a Elster, Jon  |e author  |9 487186 
245 1 0 |a Lógica y sociedad: contradicciones y mundos posibles 
250 |a 1a. ed 
300 |a 286 p 
942 |c BK 
945 |d 20040806 00:00:00  |a cmena 
260 |a Barcelona  |b Gedisa  |c 1994 
650 0 |a Antropología cultural y social   |9 265143 
650 0 |a Cambio social   |9 256857 
650 7 |a FILOSOFIA POLITICA  |2 CL-VaPUC  |9 487187 
650 0 |a Psicología social   |9 222894 
583 |a last modification  |c 20120824 10:47:41  |k Rodrigo Vera 
490 0 |a Filosofía 
999 |c 310182  |d 310180 
952 |0 0  |1 0  |4 0  |6 301_000000000000000_ELS_1994  |7 0  |8 A  |9 378431  |a BIBGIM  |b BIBGIM  |d 2019-11-21  |i 4045718  |o 301 ELS 1994  |p 4045718  |r 2025-01-15  |w 2019-11-21  |y BK  |k SSL 
952 |0 0  |1 0  |4 0  |6 301_000000000000000_ELS_1994  |7 0  |8 A  |9 378432  |a BIBGIM  |b BIBGIM  |d 2019-11-21  |i 4610148  |o 301 ELS 1994  |p 4610148  |r 2025-01-15  |w 2019-11-21  |y BK  |k MTS 
952 |0 0  |1 0  |4 0  |6 301_000000000000000_ELS_1994  |7 0  |8 A  |9 378433  |a BIBGIM  |b BIBGIM  |d 2019-11-21  |i 4895320  |o 301 ELS 1994  |p 4895320  |r 2025-01-15  |w 2019-11-21  |y BK  |k SSL